000
00335 a2200157 4500
001
155284
040
_c
Escola São Tomás de Aquino
100
_a
TEIXEIRA, Júnia La Scala
240
1
0
_a
Porta aberta
_l
por
245
1
0
_a
Porta aberta
300
_a
319
362
0
_a
2011
440
1
_a
FTD
697
_a
MATEMÁTICA
942
_c
BK
999
_c
155284
_d
155284